=LDR 00000nam 2200000 4500 =001 INLIS000000000005517 =005 20251017084130 =035 ##$$a 0010-1025000572 =007 ta =008 251017###########################0#ind## =082 ##$$a 363.960 =084 ##$$a 363.960 BAD r =100 #$$a Badan Koordinasi Keluarga Berencana Nasional =245 1#$$a Revised Request to The United Nations Fund for Population Activities /$c Badan Koordinasi Keluarga Berencana Nasional =260 ##$:$b Badan Koordinasi Keluarga Berencana Nasional =300 ##$$a 29 Hal : $b Ilus ; $c 21 =650 #4$$a Keluarga Berencana =856 ##$$a Perpustakaan Kemendukbangga